000 00269nam a22001217a 4500
008 260316b ||||| |||| 00| 0 eng d
041 _aShqip
080 _a2.1
100 _a20.1
101 _angjarje
245 _aTekste të Vjetra
_cRexhep Ismajli
942 _2udc
_cBK
999 _c60899
_d60899